| 000 -ლიდერი |
| ფიქსირებული სიგრძის საკონტროლო ველი |
01753nam a22002537a 4500 |
| 003 - საკონტროლო ნომრის იდენტიფიკატორი |
| საკონტროლო ველი |
Ge_BSU |
| 005 - ბოლო ოპერაციის თარიღი და დრო |
| საკონტროლო ველი |
20191224163711.0 |
| 008 - ფიქსირებული სიგრძის მონაცემთა ელემენტები - ზოგადი ინფორმაცია |
| ფიქსირებული სიგრძის საკონტროლო ველი |
191224s2017 ||||| |||| 00| 0 geo d |
| 020 ## - წიგნის საერთაშორისო სტანდარტული ნომერი |
| International Standard Book Number |
9789941136276 |
| 041 ## - ენის კოდი |
| Language code of text/sound track or separate title |
geo |
| 080 ## - უნივერსალური ათობითი კლასიფიკაციის ინდექსი |
| Universal Decimal Classification number |
811.352.2'36 მ-43 |
| 100 ## - მთავარი ჩანაწერი - პიროვნების სახელი |
| Personal name |
მაჭავარიანი, ნანა. |
| 9 (RLIN) |
5954 |
| 245 ## - ცნობა სათაურის შესახებ |
| Title |
აფხაზური ენის გრამატიკის საკითხები : |
| Remainder of title |
აჭარაში მცხოვრებ აფხაზთა მეტყველების გათვალისწინებით) : ტექსტებითა და ლექსიკონით : [მონოგრაფია] / |
| Statement of responsibility, etc |
ნანა მაჭავარიანი ; რედ. ვ. შენგელია ; რეზიუმეს ინგლ. თარგმანი რ. ჯაიანი . |
| 264 ## - წარმოების, გამოცემის, დისტრიბუციის და სხვა ცნობები |
| გამოცემის, წარმოების, დისტრიბუციის... ადგილი |
თბილისი : |
| გამოცემის, წარმოების, დისტრიბუციის... სახელწოდება |
უნ-ტის გამ-ბა, |
| გამოცემის, წარმოების, დისტრიბუციის... თარიღი |
2017. |
| 300 ## - ფიზიკური აღწერა |
| Extent |
222 გვ. ; |
| Dimensions |
25 სმ. |
| 501 ## - შენიშვნა თანმხლებ მასალაზე |
| With note |
ლექსიკონი: გვ. 190-222. |
| 504 ## - BIBLIOGRAPHY, ETC. NOTE |
| Bibliography, etc |
ბიბლიოგრ.: გვ. 129-143. |
| 520 ## - SUMMARY, ETC. |
| Summary, etc |
რეზიუმე ინგლ. ენაზე. |
| 653 ## - INDEX TERM--UNCONTROLLED |
| Uncontrolled term |
აფხაზური ენის გრამატიკა |
| 700 ## - ADDED ENTRY--PERSONAL NAME |
| Personal name |
შენგელია, ვ |
| Relator term |
რედაქტორი |
| 9 (RLIN) |
5955 |
| 700 ## - ADDED ENTRY--PERSONAL NAME |
| Personal name |
ჯაიანი, რ |
| Relator term |
რეზიუმეს ინგლისური თარგმანი |
| 9 (RLIN) |
5956 |
| 710 ## - ADDED ENTRY--CORPORATE NAME |
| Relator term |
თსუ არნ. ჩიქობავას სახ. ენათმეცნიერების ინ-ტი, ცხუმ-აფხაზეთის მეცნიერებათა აკადემია. |
| 9 (RLIN) |
5957 |
| 942 ## - ADDED ENTRY ELEMENTS (KOHA) |
| Source of classification or shelving scheme |
|
| Koha item type |
წიგნი |